| 000 | 00993nam a22003017a 4500 | ||
|---|---|---|---|
| 001 | 5296 | ||
| 003 | FISKH | ||
| 005 | 20250123101736.0 | ||
| 008 | 241125b cb ||||| |||| 00| 0 eng d | ||
| 020 | _a9780545069328 | ||
| 040 |
_aFISKH _beng _cFISKH _dFISKH |
||
| 050 | _aPZ7.T3 | ||
| 082 | _a514 | ||
| 100 |
_aThaler, Mike _d(1936–2024) |
||
| 245 |
_aThe principal from the black lagoon / _cStory by Mike Thaler Pictures by Jared Lee |
||
| 250 | _aThis edition first printing in 2008 | ||
| 260 |
_aNew York : _bScholastic, _c2008. |
||
| 300 |
_a30 pages : _bcolor illustrations ; _c21 cm |
||
| 505 | _aL | ||
| 520 | _aOn the third day of school, a young boy is sent to the principal's office and thinks about all the horrifying rumors he has heard about her. | ||
| 521 | 8 |
_a510
_bLexile |
|
| 521 | 8 |
_aL
_bRaz-Plus |
|
| 650 |
_2Picture book _aPrincipal |
||
| 650 |
_2School _aBack to school |
||
| 700 |
_aLee, Jared _dillustrator |
||
| 942 |
_2ddc _cBK _n0 |
||
| 999 |
_c5296 _d5296 |
||